000 00596nam a2200217Ia 4500
005 20250923145605.0
008 008 250917s9999 xx 000 0 eng d
037 _aTextual
040 _aDSWL
_beng
_cDSWL
041 _aeng
_2eng
084 _aZ2,122.227'N7, N81
_qDSWL
100 _aSaha, A.N.
_9836924
245 0 _aMarriage and divorce
_c by A.N.Saha
250 _a2nd
260 _aDelhi
_bEastern Law House P. Ltd.
_c1981
300 _a618p.
365 _aINR
_b54.00
925 _g54.00
942 _cTEXL
_hZ2,122.227'N7, N81
999 _c1453223
_d1453223